Presencia de la Asociación Colombiana de Reservas de la Sociedad Civil en los Andes Colombianos. Variaciones en los últimos años (Registro nro. 6379)
[ vista simple ]
| 000 -CABECERA | |
|---|---|
| Campo de control | 00883nam a2200229 a 4500 |
| 005 - FECHA Y HORA DE LA ULTIMA TRANSACCION | |
| Campo de control | 20141216115139.0 |
| 008 - ELEMENTOS DE LONGITUD FIJA—INFORMACION GENERAL | |
| Campo de control | 140128b20072009ck ||||| |||| 00| 0 spa d |
| 040 ## - FUENTE DE CATALOGACIÓN | |
| Agencia transcriptora | CO-BoIH |
| 041 ## - IDIOMA | |
| Código de idioma para texto/pista de sonido o título separado | Español |
| 044 ## - PAÍS DE PUBLICACIÓN | |
| País de publicación | Colombia |
| 090 ## - CLASIFICACIÓN LOCAL | |
| Colección | IAVH |
| Consecutivo | 00940 |
| 100 ## - ASIENTO PRINCIPAL--NOMBRE PERSONAL | |
| Nombre personal | Morales Rivas, Mónica |
| 245 ## - MENCION DE TITULO | |
| Título | Presencia de la Asociación Colombiana de Reservas de la Sociedad Civil en los Andes Colombianos. Variaciones en los últimos años |
| 260 ## - PUBLICACION, DISTRIBUCION, ETC. (PIE DE IMPRENTA) | |
| Lugar de publicación, distribución, etc. | Bogotá |
| Nombre del editor, distribuidor, etc. | Instituto Alexander von Humboldt |
| Fecha de publicación, distribución, etc. | 2008-07-09 |
| 300 ## - DESCRIPCION FISICA | |
| Extensión | 24 p. |
| 520 ## - NOTA DE RESUMEN, ETC. | |
| Nota de resumen | Presenta un análisis que evalúa los niveles de presencia de las Reservas Naturales de la Sociedad Civil adscritas a Resnatur, en el área de inflluencia del proyecto Andes |
| 650 ## - ASIENTO SECUNDARIO DE MATERIA - TERMINO TEMATICO | |
| Término temático o nombre geográfico como elemento de entrada | Evaluación niveles de presencia |
| 650 ## - ASIENTO SECUNDARIO DE MATERIA - TERMINO TEMATICO | |
| Término temático o nombre geográfico como elemento de entrada | Restaurar |
| 650 ## - ASIENTO SECUNDARIO DE MATERIA - TERMINO TEMATICO | |
| Término temático o nombre geográfico como elemento de entrada | Andes colombianos |
| 942 ## - ELEMENTOS ADICIONALES (KOHA) | |
| Tipo de ítem | Informe Técnico |
| Sistema de clasificación | Local |
| 945 ## - PROCESAMIENTO LOCAL | |
| AAAA-MM-DD - Fecha de ingreso o modificacion | 2008-07-09 |
| Withdrawn status | Lost status | Sistema de Clasificación | Damaged status | No para préstamo | Colección | Ubicación Permanente | Ubicación actual | Fecha de adquisición | Total Checkouts | Número topográfico | Inventario / Código de Barras | Date last seen | Ejemplar | Price effective from | Forma de adquisición | Tipo de material | Inventariado | Public note |
|---|---|---|---|---|---|---|---|---|---|---|---|---|---|---|---|---|---|---|
| Local | Humboldt | Bogotá | Bogotá | 09/07/2008 | IAVH-00940 | 026111 | 09/08/2024 | Ej. 1 | 04/12/2012 | Informe Técnico | ||||||||
| Local | Humboldt | Bogotá | Bogotá | 09/07/2008 | IAVH-00940 | 026112 | 09/08/2024 | Ej. 2 | 04/12/2012 | Mapa | Inventariado 2017 | Mapas de reservas de la Asociación Red Colombiana de Reservas Naturales de la Sociedad Civil, anño 2002 y ecosistemas asociados |